[Event "Muensterland Verbandsklasse 1920"]
[Site "Germany"]
[Date "2019.12.07"]
[Round "4.4"]
[White "Niewerth, Gerd"]
[Black "Holtmannspoetter, Thomas"]
[Result "0-1"]
[WhiteElo "1826"]
[BlackElo "1722"]
[PlyCount "58"]
[EventDate "2019.09.14"]
[EventType "team-tourn"]
[EventRounds "7"]
[EventCountry "GER"]
[SourceTitle "EXT 2023"]
[Source "ChessBase"]
[SourceDate "2022.10.05"]
[SourceVersion "1"]
[SourceVersionDate "2022.10.05"]
[SourceQuality "1"]
[WhiteTeam "Heiden"]
[BlackTeam "Ochtrup"]
[WhiteTeamCountry "GER"]
[BlackTeamCountry "GER"]

1. e4 c5 2. Nf3 e6 3. d4 cxd4 4. Nxd4 Nf6 5. Nc3 Bb4 6. Bd3 Nc6 7. Nxc6 dxc6 8. Bd2 Bd7 9. a3 Be7 10. Qe2 Qc7 11. f4 0-0-0 12. 0-0 Bc5+ 13. Kh1 e5 14. f5 Rdg8 15. Na4 Be7 16. b4 g6 17. Be3 Kb8 18. Qf2 b6 19. h3 gxf5 20. Ba6 Nxe4 21. Qg1 Ng3+ 22. Kh2 Nxf1+ 23. Rxf1 f4 24. Bxb6 axb6 25. Nxb6 Be6 26. Rb1 Rg3 27. b5 c5 28. Na4 Rhg8 29. Qf1 Bd5 0-1

[Event "Muensterland Verbandsklasse 1920"]
[Site "Germany"]
[Date "2019.09.14"]
[Round "1.4"]
[White "Niewerth, Gerd"]
[Black "Blobel, Tobias"]
[Result "1-0"]
[WhiteElo "1826"]
[BlackElo "1654"]
[PlyCount "59"]
[EventDate "2019.09.14"]
[EventType "team-tourn"]
[EventRounds "7"]
[EventCountry "GER"]
[SourceTitle "EXT 2023"]
[Source "ChessBase"]
[SourceDate "2022.10.05"]
[SourceVersion "1"]
[SourceVersionDate "2022.10.05"]
[SourceQuality "1"]
[WhiteTeam "Heiden"]
[BlackTeam "Heiden II"]
[WhiteTeamCountry "GER"]
[BlackTeamCountry "GER"]

1. e4 e5 2. Nf3 Nf6 3. Nxe5 d6 4. Nf3 Nxe4 5. Nc3 Nxc3 6. bxc3 Bg4 7. Be2 Be7 8. 0-0 0-0 9. d4 Re8 10. Be3 Nd7 11. Qd3 Bf6 12. h3 Bh5 13. Qb5 c5 14. Qxb7 Nb6 15. Rab1 Re7 16. Qa6 Nd5 17. Qd3 Nxe3 18. fxe3 Qe8 19. Kf2 Qa4 20. Rb2 Rae8 21. Rfb1 Bxf3 22. Bxf3 cxd4 23. exd4 Re3 24. Qxe3 Bh4+ 25. Ke2 Rxe3+ 26. Kxe3 Qe8+ 27. Kd3 Bd8 28. Rb8 g6 29. Ra8 Qd7 30. Rbb8 1-0

[Event "Muensterland Verbandsliga 1819"]
[Site "Germany"]
[Date "2019.05.04"]
[Round "9.6"]
[White "Stein, Michael"]
[Black "Niewerth, Gerd"]
[Result "0-1"]
[WhiteElo "1734"]
[BlackElo "1803"]
[PlyCount "60"]
[EventDate "2018.09.01"]
[EventType "team-tourn"]
[EventRounds "9"]
[EventCountry "GER"]
[SourceTitle "EXT 2020"]
[Source "ChessBase"]
[SourceDate "2019.10.17"]
[SourceVersion "1"]
[SourceVersionDate "2019.10.17"]
[SourceQuality "1"]
[WhiteTeam "Gescher"]
[BlackTeam "Heiden"]
[WhiteTeamCountry "GER"]
[BlackTeamCountry "GER"]

1. e4 c6 2. d4 d5 3. e5 Bf5 4. h4 Qb6 5. g4 Bd7 6. Nc3 e6 7. Nge2 c5 8. Be3 Nc6 9. dxc5 Bxc5 10. Bxc5 Qxc5 11. f4 h5 12. gxh5 Rxh5 13. Nd4 Nxd4 14. Qxh5 Nxc2+ 15. Kd2 Nxa1 16. Qh7 Kf8 17. Be2 Qd4+ 18. Ke1 Qxf4 19. Rf1 Qc1+ 20. Kf2 Qxb2 21. Rg1 g6 22. h5 Qxc3 23. hxg6 Qd4+ 24. Kf3 Qe4+ 25. Kf2 Qf5+ 26. Bf3 Rc8 27. g7+ Ke7 28. Qh4+ f6 29. Qb4+ Kf7 30. Qf8+ Rxf8 0-1

[Event "Muensterland Verbandsliga 1819"]
[Site "Germany"]
[Date "2018.09.01"]
[Round "1.6"]
[White "Niewerth, Gerd"]
[Black "Zachej, Arne"]
[Result "0-1"]
[WhiteElo "1803"]
[BlackElo "1834"]
[PlyCount "82"]
[EventDate "2018.09.01"]
[EventType "team-tourn"]
[EventRounds "9"]
[EventCountry "GER"]
[SourceTitle "EXT 2020"]
[Source "ChessBase"]
[SourceDate "2019.10.17"]
[SourceVersion "1"]
[SourceVersionDate "2019.10.17"]
[SourceQuality "1"]
[WhiteTeam "Heiden"]
[BlackTeam "Metelen"]
[WhiteTeamCountry "GER"]
[BlackTeamCountry "GER"]

1. e4 c5 2. Nf3 d6 3. d4 cxd4 4. Nxd4 Nf6 5. Nc3 a6 6. Be2 e5 7. Nf3 Qc7 8. 0-0 Be6 9. Kh1 Nbd7 10. Ng5 Bc4 11. Be3 h6 12. Nf3 Be7 13. a4 0-0 14. Ne1 Qc6 15. f3 d5 16. exd5 Nxd5 17. Nxd5 Bxd5 18. Nd3 Rac8 19. c3 Rfd8 20. Qc1 Bc4 21. Qc2 Qe6 22. Nc1 Nf6 23. Bxc4 Qxc4 24. Ne2 Qd3 25. Qxd3 Rxd3 26. Bc1 Rcd8 27. g3 Rd1 28. Be3 Rxa1 29. Rxa1 Rd3 30. Bg1 Rxf3 31. Kg2 Rd3 32. b4 Nd5 33. Rc1 Rd2 34. Kf3 Bg5 35. Re1 f5 36. h4 e4+ 37. Kg2 Bf6 38. Kh3 Nxc3 39. Nf4 g5 40. hxg5 hxg5 41. Ne6 g4# 0-1

[Event "Muensterland Verbandsliga 1718"]
[Site "Germany"]
[Date "2018.01.20"]
[Round "5.6"]
[White "Niewerth, Gerd"]
[Black "Hemmers, Dieter"]
[Result "1/2-1/2"]
[WhiteElo "1784"]
[BlackElo "1805"]
[PlyCount "39"]
[EventDate "2017.09.09"]
[EventType "team-tourn"]
[EventRounds "9"]
[EventCountry "GER"]
[SourceTitle "EXT 2019"]
[Source "ChessBase"]
[SourceDate "2018.10.10"]
[SourceVersion "1"]
[SourceVersionDate "2018.10.10"]
[SourceQuality "1"]
[WhiteTeam "Heiden"]
[BlackTeam "Emsdetten Rochade II"]
[WhiteTeamCountry "GER"]
[BlackTeamCountry "GER"]

1. e4 c5 2. Nf3 Nc6 3. d4 cxd4 4. Nxd4 g6 5. Nc3 Bg7 6. Be3 Nf6 7. Be2 0-0 8. Qd2 d5 9. exd5 Nb4 10. 0-0-0 Nfxd5 11. Nxd5 Nxd5 12. Bh6 Qb6 13. Bxg7 Kxg7 14. g4 Nf6 15. g5 Ng4 16. Qc3 f6 17. Qg3 Ne5 18. f4 Nc6 19. Nb3 Bf5 20. Bd3 1/2-1/2

[Event "Muensterland Verbandsliga 1718"]
[Site "Germany"]
[Date "2017.09.09"]
[Round "1.6"]
[White "Bueckers, Bernhard"]
[Black "Niewerth, Gerd"]
[Result "0-1"]
[WhiteElo "1648"]
[BlackElo "1784"]
[PlyCount "83"]
[EventDate "2017.09.09"]
[EventType "team-tourn"]
[EventRounds "9"]
[EventCountry "GER"]
[SourceTitle "EXT 2019"]
[Source "ChessBase"]
[SourceDate "2018.10.10"]
[SourceVersion "1"]
[SourceVersionDate "2018.10.10"]
[SourceQuality "1"]
[WhiteTeam "Metelen"]
[BlackTeam "Heiden"]
[WhiteTeamCountry "GER"]
[BlackTeamCountry "GER"]

1. c4 Nf6 2. Nc3 d6 3. d4 g6 4. Nf3 Bg7 5. g3 0-0 6. Bg2 Nbd7 7. 0-0 c6 8. b3 Re8 9. Bb2 e5 10. dxe5 dxe5 11. e4 Qc7 12. Qc2 Nf8 13. Rad1 Bg4 14. h3 Bxf3 15. Bxf3 Rad8 16. Rxd8 Rxd8 17. Rd1 Ne6 18. Rxd8+ Qxd8 19. Qd1 Qxd1+ 20. Bxd1 Ng5 21. f3 Nxh3+ 22. Kg2 Ng5 23. c5 Ne6 24. b4 Nd7 25. a4 Bh6 26. Kf2 Kf8 27. Ke2 Ke7 28. Kd3 Bg5 29. Ne2 h5 30. Bc3 Bf6 31. Ke3 g5 32. Kf2 h4 33. gxh4 gxh4 34. Kg2 Ndf8 35. Kh3 Ng6 36. Kg4 Ngf4 37. Bd2 h3 38. Ng3 Nd3 39. Nh1 h2 40. Kg3 Bg5 41. Bxg5+ Nxg5 42. Kxh2 0-1

[Event "Muensterland Verbandsliga 1617"]
[Site "Germany"]
[Date "2017.03.18"]
[Round "8.6"]
[White "Theissen, Frank"]
[Black "Niewerth, Gerd"]
[Result "1-0"]
[WhiteElo "1765"]
[BlackElo "1766"]
[PlyCount "77"]
[EventDate "2016.09.10"]
[EventType "team"]
[EventRounds "9"]
[EventCountry "GER"]
[SourceTitle "EXT 2018"]
[Source "ChessBase"]
[SourceDate "2017.10.13"]
[SourceVersion "1"]
[SourceVersionDate "2017.10.13"]
[SourceQuality "1"]
[WhiteTeam "Borken"]
[BlackTeam "Heiden"]
[WhiteTeamCountry "GER"]
[BlackTeamCountry "GER"]

1. e4 c6 2. d4 d5 3. Nc3 dxe4 4. Nxe4 Bf5 5. Ng3 Bg6 6. h4 h6 7. Nf3 Nd7 8. Bd3 Bxd3 9. Qxd3 Ngf6 10. Bd2 e6 11. c4 Qc7 12. 0-0-0 Bd6 13. Ne4 Nxe4 14. Qxe4 Nf6 15. Qe2 Bf4 16. Kb1 Bxd2 17. Rxd2 0-0-0 18. Ne5 Kb8 19. g4 Rd6 20. f4 Rf8 21. Rf1 Rdd8 22. Rf3 Nd7 23. Re3 Nxe5 24. dxe5 Rxd2 25. Qxd2 Rd8 26. Rd3 Rxd3 27. Qxd3 c5 28. Kc2 Qe7 29. Qh7 Qf8 30. f5 exf5 31. gxf5 Qe8 32. Qxg7 Qa4+ 33. Kc3 Qa5+ 34. Kd3 Qd8+ 35. Kc2 Qe7 36. e6 Qxh4 37. Qf8+ Kc7 38. Qxc5+ Kd8 39. Qd6+ 1-0

[Event "Muensterland Verbandsliga 1617"]
[Site "Germany"]
[Date "2016.11.05"]
[Round "3.6"]
[White "Boerger, Andreas"]
[Black "Niewerth, Gerd"]
[Result "1/2-1/2"]
[WhiteElo "1782"]
[BlackElo "1766"]
[PlyCount "69"]
[EventDate "2016.09.10"]
[EventType "team"]
[EventRounds "9"]
[EventCountry "GER"]
[SourceTitle "EXT 2018"]
[Source "ChessBase"]
[SourceDate "2017.10.13"]
[SourceVersion "1"]
[SourceVersionDate "2017.10.13"]
[SourceQuality "1"]
[WhiteTeam "Muenster SK IV"]
[BlackTeam "Heiden"]
[WhiteTeamCountry "GER"]
[BlackTeamCountry "GER"]

1. c4 Nf6 2. Nc3 g6 3. e4 d6 4. Nf3 Bg7 5. Be2 0-0 6. 0-0 e5 7. d4 Nc6 8. dxe5 Nxe5 9. Nxe5 dxe5 10. Qc2 c6 11. Bg5 h6 12. Bh4 Qc7 13. Rad1 Be6 14. Rd2 Rad8 15. Rfd1 b6 16. b4 Rxd2 17. Qxd2 Kh7 18. a3 Rc8 19. f3 g5 20. Bg3 Nh5 21. Kf2 Bf6 22. Qd6 Nxg3 23. hxg3 Qxd6 24. Rxd6 Be7 25. Rd2 Kg7 26. Na4 Kf8 27. Ke3 Ke8 28. Rb2 Bd7 29. c5 b5 30. Nc3 a5 31. Bd3 axb4 32. axb4 Ra8 33. Ra2 Rxa2 34. Nxa2 f6 35. Nc1 1/2-1/2

[Event "Muensterland Verbandsliga 1516"]
[Site "Germany"]
[Date "2015.12.12"]
[Round "4.7"]
[White "Hanewinkel, Christian"]
[Black "Niewerth, Gerd"]
[Result "0-1"]
[WhiteElo "1694"]
[BlackElo "1758"]
[PlyCount "44"]
[EventDate "2015.09.12"]
[EventType "team"]
[EventRounds "9"]
[EventCountry "GER"]
[SourceTitle "EXT 2017"]
[Source "ChessBase"]
[SourceDate "2016.10.25"]
[SourceVersion "1"]
[SourceVersionDate "2016.10.25"]
[SourceQuality "1"]
[WhiteTeam "Beelen"]
[BlackTeam "Heiden"]
[WhiteTeamCountry "GER"]
[BlackTeamCountry "GER"]

1. e4 c6 2. d4 d5 3. f3 e6 4. Nc3 Bb4 5. Nge2 c5 6. Qd3 Nc6 7. exd5 Qxd5 8. Bd2 Bxc3 9. bxc3 cxd4 10. cxd4 Nge7 11. c4 Qd7 12. Qe4 0-0 13. Bc3 b6 14. Nf4 Bb7 15. Bd3 Ng6 16. Nxg6 hxg6 17. Qg4 Rad8 18. Rd1 Nxd4 19. Bxg6 e5 20. Bf5 Qxf5 21. Rxd4 Qb1+ 22. Kf2 Qc2+ 0-1

[Event "Muensterland Verbandsklasse-B 1213"]
[Site "Germany"]
[Date "2013.05.11"]
[Round "9.7"]
[White "Hofene, Werner"]
[Black "Niewerth, Gerd"]
[Result "1/2-1/2"]
[WhiteElo "1668"]
[BlackElo "1814"]
[PlyCount "83"]
[EventDate "2012.09.15"]
[EventType "team-tourn"]
[EventRounds "9"]
[EventCountry "GER"]
[SourceTitle "EXT 2015"]
[Source "ChessBase"]
[SourceDate "2014.11.20"]
[SourceVersion "1"]
[SourceVersionDate "2014.11.20"]
[SourceQuality "1"]
[WhiteTeam "Beelen"]
[BlackTeam "Heiden II"]
[WhiteTeamCountry "GER"]
[BlackTeamCountry "GER"]

1. f4 d5 2. Nf3 c5 3. e3 Nc6 4. Bb5 Bd7 5. Bxc6 Bxc6 6. 0-0 Nf6 7. d3 e6 8. Ne5 Bd6 9. Nd2 Qc7 10. Ndf3 0-0 11. Qe1 Be7 12. b3 Ne8 13. Bb2 f6 14. Nxc6 Qxc6 15. g4 b5 16. g5 c4 17. Nd4 Qd7 18. Qh4 Rc8 19. f5 exf5 20. Nxf5 c3 21. Bc1 fxg5 22. Nxe7+ Qxe7 23. Rxf8+ Kxf8 24. Qxh7 Qe6 25. Ba3+ Kf7 26. Rf1+ Nf6 27. Qh5+ Kg8 28. Qxg5 Re8 29. Rf3 Qg4+ 30. Qxg4 Nxg4 31. Bc5 a6 32. Bd4 Ne5 33. Rg3 Re7 34. Bxc3 Nc6 35. Kf2 b4 36. Bd2 Ne5 37. Rg5 Kf7 38. h4 Kf6 39. Kg3 Rc7 40. e4 Rxc2 41. Bxb4 Nxd3 42. Bf8 1/2-1/2

[Event "Muensterland Verbandsklasse-A 0607"]
[Site "Germany"]
[Date "2007.04.21"]
[Round "8.7"]
[White "Hartmann, Steffen"]
[Black "Niewerth, Gerd"]
[Result "0-1"]
[WhiteElo "1698"]
[BlackElo "1792"]
[PlyCount "108"]
[EventDate "2006.09.23"]
[EventType "team"]
[EventRounds "9"]
[EventCountry "GER"]
[SourceTitle "EXT 2008"]
[Source "ChessBase"]
[SourceDate "2007.11.25"]
[SourceVersion "1"]
[SourceVersionDate "2007.11.25"]
[SourceQuality "1"]
[WhiteTeam "Muenster SK IV"]
[BlackTeam "Heiden II"]
[WhiteTeamCountry "GER"]
[BlackTeamCountry "GER"]

1. e4 c6 2. d4 d5 3. Nd2 dxe4 4. Nxe4 Bf5 5. Ng3 Bg6 6. Nf3 Nd7 7. h4 h6 8. h5 Bh7 9. Bd3 Bxd3 10. Qxd3 Ngf6 11. Bd2 e6 12. 0-0-0 Qc7 13. Ne4 Nxe4 14. Qxe4 Nf6 15. Qe2 0-0-0 16. g3 Bd6 17. Kb1 Rhe8 18. Ne5 c5 19. Nc4 cxd4 20. Nxd6+ Qxd6 21. f4 d3 22. Qe3 Qd4 23. Qxd4 Rxd4 24. Bc3 dxc2+ 25. Kxc2 Rxd1 26. Kxd1 Rd8+ 27. Kc2 Rd5 28. Be5 Nxh5 29. g4 f6 30. Rxh5 fxe5 31. fxe5 Kd7 32. Kc3 Ke7 33. a4 Kf7 34. b4 Kg6 35. Kc4 Kh7 36. g5 Kg6 37. Rh3 hxg5 38. Rf3 Rxe5 39. Kd4 Rf5 40. Re3 Kf6 41. Rg3 b6 42. Kc4 Rf4+ 43. Kb5 Rd4 44. Rf3+ Kg6 45. a5 bxa5 46. bxa5 g4 47. Re3 Kf5 48. a6 Rd6 49. Rc3 g5 50. Rc7 Rb6+ 51. Kc4 Rxa6 52. Kd4 g3 53. Ke3 Kg4 54. Ke2 Ra1 0-1

[Event "Muensterland Verbandsklasse-A 0506"]
[Site "Germany"]
[Date "2006.05.06"]
[Round "9.5"]
[White "Niewerth, Gerd"]
[Black "Van Almsick, Georg"]
[Result "1/2-1/2"]
[WhiteElo "1821"]
[BlackElo "1859"]
[PlyCount "49"]
[EventDate "2005.09.03"]
[EventType "team"]
[EventRounds "9"]
[EventCountry "GER"]
[SourceTitle "EXT 2006"]
[Source "ChessBase"]
[SourceDate "2005.11.24"]
[SourceVersion "1"]
[SourceVersionDate "2005.11.24"]
[SourceQuality "1"]
[WhiteTeam "Heiden II"]
[BlackTeam "Ahaus Wessum"]
[WhiteTeamCountry "GER"]
[BlackTeamCountry "GER"]

1. e4 e5 2. Nf3 Nc6 3. Bb5 f5 4. d3 Bc5 5. Nc3 Nf6 6. Bg5 0-0 7. Qd2 Bb4 8. a3 Bxc3 9. Qxc3 fxe4 10. dxe4 Qe8 11. 0-0-0 d6 12. h3 a6 13. Bd3 Be6 14. Bxf6 Rxf6 15. Ng5 Bc8 16. Bc4+ Kh8 17. Qg3 b5 18. Bd5 Bd7 19. Qb3 h6 20. h4 Rb8 21. Nf7+ Kh7 22. Ng5+ Kh8 23. Nf7+ Kh7 24. Ng5+ Kh8 25. Nf7+ 1/2-1/2

[Event "Muensterland Verbandsklasse-A 0506"]
[Site "Germany"]
[Date "2006.04.08"]
[Round "8.4"]
[White "Niewerth, Gerd"]
[Black "Noering, Andreas"]
[Result "0-1"]
[WhiteElo "1821"]
[BlackElo "1801"]
[PlyCount "79"]
[EventDate "2005.09.03"]
[EventType "team"]
[EventRounds "9"]
[EventCountry "GER"]
[SourceTitle "EXT 2006"]
[Source "ChessBase"]
[SourceDate "2005.11.24"]
[SourceVersion "1"]
[SourceVersionDate "2005.11.24"]
[SourceQuality "1"]
[WhiteTeam "Heiden II"]
[BlackTeam "Emsdetten Rochade"]
[WhiteTeamCountry "GER"]
[BlackTeamCountry "GER"]

1. e4 c5 2. Nf3 d6 3. d4 cxd4 4. Nxd4 Nf6 5. Nc3 g6 6. f3 Bg7 7. Be3 Nc6 8. Qd2 a6 9. 0-0-0 Nxd4 10. Bxd4 b5 11. g4 Bb7 12. g5 Nh5 13. Bxg7 Nxg7 14. Qd4 0-0 15. h4 Rc8 16. a3 Qc7 17. Bh3 Rcd8 18. Bg4 Qc5 19. Qd2 f5 20. gxf6 Rxf6 21. Nd5 Bxd5 22. exd5 Nf5 23. Rhe1 Rd7 24. h5 Rc7 25. c3 a5 26. hxg6 hxg6 27. Bxf5 gxf5 28. Qg5+ Kf8 29. Rh1 Ke8 30. Rde1 Rf8 31. Qg6+ Kd8 32. Qe6 b4 33. axb4 axb4 34. Re3 Qa5 35. Kd2 Qa2 36. Qh6 Qxd5+ 37. Rd3 bxc3+ 38. bxc3 Qa2+ 39. Ke3 f4+ 40. Kd4 0-1

[Event "Muensterland Verbandsklasse-A 0405"]
[Site "Muensterland"]
[Date "2005.04.23"]
[Round "9.4"]
[White "Niewerth, Gerd"]
[Black "Hoge, Torsten"]
[Result "1-0"]
[WhiteElo "1831"]
[BlackElo "1969"]
[PlyCount "86"]
[EventDate "2004.09.11"]
[EventType "team"]
[EventRounds "9"]
[EventCountry "GER"]
[SourceTitle "EXT 2006"]
[Source "ChessBase"]
[SourceDate "2005.11.24"]
[SourceVersion "1"]
[SourceVersionDate "2005.11.24"]
[SourceQuality "1"]
[WhiteTeam "Heiden II"]
[BlackTeam "Gronau"]
[WhiteTeamCountry "GER"]
[BlackTeamCountry "GER"]

1. e4 e6 2. d4 d5 3. Nc3 Bb4 4. e5 c5 5. a3 Bxc3+ 6. bxc3 Ne7 7. h4 Qa5 8. Bd2 Nbc6 9. h5 h6 10. Rh4 Bd7 11. Rg4 0-0-0 12. Rxg7 Rdf8 13. Nf3 Nf5 14. Rg4 f6 15. Bd3 fxe5 16. Nxe5 Nxe5 17. dxe5 c4 18. Bxf5 Rxf5 19. Rg7 Rxe5+ 20. Kf1 Rf5 21. Qg4 Rhf8 22. f3 e5 23. Ke2 Qa4 24. Kd1 R5f6 25. Qg3 Bf5 26. Rc1 Re6 27. Rg8 Qe8 28. Rg7 Rf7 29. Rg8 Rf8 30. Rg7 Rf7 31. Ke2 d4 32. Rb1 d3+ 33. Kf2 dxc2 34. Rb4 b5 35. Rg8 Rf8 36. Rxf8 Qxf8 37. Rxb5 Qd8 38. Ke1 Qd7 39. Rxe5 Rxe5+ 40. Qxe5 Kb7 41. Qe3 a6 42. g4 Be6 43. Qe4+ Bd5 1-0

[Event "Muensterland Verbandsklasse-A 0405"]
[Site "Muensterland"]
[Date "2005.02.12"]
[Round "6.4"]
[White "Albustin, Benedikt"]
[Black "Niewerth, Gerd"]
[Result "1-0"]
[WhiteElo "1914"]
[BlackElo "1831"]
[PlyCount "81"]
[EventDate "2004.09.11"]
[EventType "team"]
[EventRounds "9"]
[EventCountry "GER"]
[SourceTitle "EXT 2006"]
[Source "ChessBase"]
[SourceDate "2005.11.24"]
[SourceVersion "1"]
[SourceVersionDate "2005.11.24"]
[SourceQuality "1"]
[WhiteTeam "Nienberge"]
[BlackTeam "Heiden II"]
[WhiteTeamCountry "GER"]
[BlackTeamCountry "GER"]

1. e4 c6 2. d4 d5 3. Nc3 dxe4 4. Nxe4 Bf5 5. Ng3 Bg6 6. Bc4 Nf6 7. N1e2 h6 8. Nf4 Bh7 9. c3 Qb6 10. Ngh5 Nbd7 11. 0-0 g5 12. Nxf6+ Nxf6 13. Nd3 Bxd3 14. Qxd3 e6 15. f4 g4 16. Be3 Nd5 17. f5 0-0-0 18. fxe6 fxe6 19. Qe4 Nxe3 20. Qxe3 Kb8 21. Qxe6 h5 22. a4 a5 23. b4 axb4 24. a5 Qc7 25. Rf7 Qd6 26. Qe4 bxc3 27. a6 b6 28. a7+ Ka8 29. Bb5 Rc8 30. Ba6 Be7 31. Rxe7 Rc7 32. Re8+ Kxa7 33. Rxh8 b5 34. Bxb5+ Kb6 35. Rb8+ Rb7 36. Rxb7+ Kxb7 37. Bxc6+ Kb6 38. Rb1+ Ka5 39. d5 Qc5+ 40. Kh1 c2 41. Rc1 1-0

[Event "Muensterland Verbandsklasse-A 0304"]
[Site "Germany"]
[Date "2004.04.17"]
[Round "9.5"]
[White "Niewerth, Gerd"]
[Black "Schigiol, Jan Hendrik"]
[Result "1-0"]
[WhiteElo "1793"]
[BlackElo "1739"]
[PlyCount "125"]
[EventDate "2003.09.20"]
[EventType "team"]
[EventRounds "9"]
[EventCountry "GER"]
[SourceTitle "EXT 2005"]
[Source "ChessBase"]
[SourceDate "2004.11.15"]
[SourceVersion "1"]
[SourceVersionDate "2004.11.15"]
[SourceQuality "1"]
[WhiteTeam "Heiden II"]
[BlackTeam "Muenster V"]
[WhiteTeamCountry "GER"]
[BlackTeamCountry "GER"]

1. e4 Nf6 2. e5 Nd5 3. d4 d6 4. exd6 exd6 5. Nf3 Bg4 6. Be2 Be7 7. 0-0 0-0 8. c4 Nb6 9. Be3 Nc6 10. Nbd2 Bf6 11. Rc1 Re8 12. Re1 Bf5 13. a3 a5 14. Nf1 Ne7 15. Ng3 Qd7 16. Nh5 Bg6 17. Nxf6+ gxf6 18. d5 Nf5 19. Bxb6 cxb6 20. Qb3 Qc7 21. Bd3 Nh6 22. h3 Rac8 23. Rxe8+ Rxe8 24. Qc3 Qd8 25. Nd4 Re5 26. Qd2 Bxd3 27. Qxd3 Kh8 28. Nf3 Re8 29. Qd2 Nf5 30. Nd4 Ng7 31. Qf4 Re5 32. Rc3 Nh5 33. Qh6 Ng7 34. Rf3 f5 35. Nb5 f6 36. Rg3 Re7 37. Kh2 Rf7 38. Re3 Qf8 39. Qf4 Rd7 40. Qd4 Qd8 41. Qd3 Kg8 42. Nd4 Rc7 43. a4 Qd7 44. b3 f4 45. Rf3 Qe7 46. Rxf4 Qe5 47. g3 Rf7 48. Re4 Qh5 49. Nb5 Rd7 50. Qe3 Kf8 51. Qxb6 Qf3 52. Rf4 Qxb3 53. Rxf6+ Kg8 54. Qxa5 Ne8 55. Re6 Kf7 56. Qe1 Ng7 57. Nxd6+ Kf8 58. Re8+ Nxe8 59. Qxe8+ Kg7 60. Qxd7+ Kf6 61. Qe6+ Kg7 62. Qf7+ Kh6 63. Qf6+ 1-0

[Event "Muensterland Verbandsklasse-A 0304"]
[Site "Germany"]
[Date "2004.02.14"]
[Round "6.4"]
[White "Niewerth, Gerd"]
[Black "Luecke, Thomas"]
[Result "1-0"]
[WhiteElo "1793"]
[BlackElo "1809"]
[PlyCount "65"]
[EventDate "2003.09.20"]
[EventType "team"]
[EventRounds "9"]
[EventCountry "GER"]
[SourceTitle "EXT 2005"]
[Source "ChessBase"]
[SourceDate "2004.11.15"]
[SourceVersion "1"]
[SourceVersionDate "2004.11.15"]
[SourceQuality "1"]
[WhiteTeam "Heiden II"]
[BlackTeam "Emsdetten Rochade"]
[WhiteTeamCountry "GER"]
[BlackTeamCountry "GER"]

1. e4 c5 2. Nf3 d6 3. d4 cxd4 4. Nxd4 Nf6 5. Nc3 a6 6. Bg5 Nbd7 7. Qd2 e6 8. f3 Be7 9. 0-0-0 Qc7 10. Kb1 Nb6 11. g4 Bd7 12. h4 Nc4 13. Bxc4 Qxc4 14. Rhe1 0-0-0 15. Be3 Ne8 16. g5 Nc7 17. f4 Nb5 18. Ndxb5 axb5 19. Bb6 Rde8 20. Re3 Bc6 21. Ne2 b4 22. Nd4 d5 23. Nxc6 bxc6 24. exd5 exd5 25. Rde1 Kd7 26. Bd4 Rhg8 27. b3 Qb5 28. Qg2 Kd8 29. f5 Qb7 30. Qg3 Qd7 31. Qb8+ Qc8 32. Qxc8+ Kxc8 33. Rxe7 1-0

[Event "Muensterland Verbandsklasse-A 0304"]
[Site "Germany"]
[Date "2003.11.15"]
[Round "3.6"]
[White "Hermelbracht, Klaus"]
[Black "Niewerth, Gerd"]
[Result "1-0"]
[WhiteElo "1863"]
[BlackElo "1793"]
[PlyCount "81"]
[EventDate "2003.09.20"]
[EventType "team"]
[EventRounds "9"]
[EventCountry "GER"]
[SourceTitle "EXT 2005"]
[Source "ChessBase"]
[SourceDate "2004.11.15"]
[SourceVersion "1"]
[SourceVersionDate "2004.11.15"]
[SourceQuality "1"]
[WhiteTeam "Ibbenbueren"]
[BlackTeam "Heiden II"]
[WhiteTeamCountry "GER"]
[BlackTeamCountry "GER"]

1. d4 Nf6 2. c4 g6 3. Nc3 Bg7 4. e4 d6 5. f4 0-0 6. Nf3 Bg4 7. Be2 Nbd7 8. Be3 Ne8 9. Qd2 c5 10. d5 Rb8 11. h3 Bxf3 12. Bxf3 a6 13. Rc1 b5 14. cxb5 axb5 15. 0-0 Qa5 16. a3 Nb6 17. Be2 b4 18. Nd1 Na4 19. Bc4 Nc7 20. b3 Nc3 21. axb4 cxb4 22. Nf2 Ra8 23. Kh2 N7b5 24. Qd3 Na3 25. Bd4 Rfc8 26. Bxg7 Kxg7 27. Ra1 Qc5 28. e5 dxe5 29. fxe5 Rd8 30. Ne4 Nxe4 31. Qxe4 Nxc4 32. Rxa8 Rxa8 33. bxc4 Ra2 34. Qf4 f5 35. exf6+ exf6 36. Qxf6+ Kh6 37. Rf4 Qc7 38. d6 Rxg2+ 39. Kxg2 Qc6+ 40. Kg3 Qxc4 41. Rxc4 1-0

[Event "Muensterland Verbandsklasse-A 0203"]
[Site "Muensterland"]
[Date "2003.02.15"]
[Round "6.3"]
[White "Niewerth, Gerd"]
[Black "Stoecker, Ralph"]
[Result "0-1"]
[WhiteElo "1760"]
[BlackElo "2004"]
[PlyCount "98"]
[EventDate "2002.09.28"]
[EventType "team"]
[EventRounds "9"]
[EventCountry "GER"]
[SourceTitle "EXT 2004"]
[Source "ChessBase"]
[SourceDate "2003.11.25"]
[SourceVersion "1"]
[SourceVersionDate "2003.11.25"]
[SourceQuality "1"]
[WhiteTeam "Heiden II"]
[BlackTeam "Ibbenbueren"]
[WhiteTeamCountry "GER"]
[BlackTeamCountry "GER"]

1. e4 c6 2. d4 d5 3. exd5 cxd5 4. c4 Nf6 5. Nc3 e6 6. Nf3 Nc6 7. Bg5 Be7 8. c5 0-0 9. Bd3 b6 10. cxb6 Qxb6 11. Rb1 Nb4 12. Be2 Ba6 13. 0-0 Bxe2 14. Qxe2 h6 15. Be3 Rfc8 16. a3 Na6 17. Rfc1 Ne4 18. Nxe4 dxe4 19. Ne5 Qb7 20. b4 Bf8 21. Qg4 Nc7 22. Bxh6 Ne8 23. Be3 Nf6 24. Qg3 Nd5 25. Re1 Rc3 26. Ra1 Bd6 27. Qg4 Nf6 28. Qd1 Rac8 29. g4 Qa6 30. g5 Nd5 31. Qh5 Bxe5 32. dxe5 g6 33. Qe2 Qa4 34. Bc5 Rxa3 35. Rxa3 Qxa3 36. Qxe4 a5 37. Rb1 Nc3 38. Qb7 Rxc5 39. bxc5 Nxb1 40. Qxb1 Qxc5 41. Qb8+ Kg7 42. Qd6 Qxd6 43. exd6 Kf8 44. Kf1 Ke8 45. Ke1 Kd7 46. Kd2 Kxd6 47. f4 Kd5 48. Kd3 a4 49. h4 a3 0-1